Catalog

Record Details

Catalog Search



Five Nights at Freddy's : official character encyclopedia  Cover Image Book Book

Five Nights at Freddy's : official character encyclopedia / Scott Cawthon.

Cawthon, Scott, 1971- (author.). Scholastic Inc.,: (publisher.).

Summary:

"An in-depth look at all the characters from the terrifying world of Five Nights at Freddy's! The massive roster of characters from Five Nights at Freddy's is presented in this epic encyclopedia that will make the perfect addition to your collection. From the games to the novels and short stories, everyone is here and laid out in awesome detail! Deepen your knowledge of even the most obscure and bizarre killer animatronics to become a true Five Nights at Freddy's mega-fan."-- Back cover.

Record details

  • ISBN: 9781338804737
  • ISBN: 1338804731
  • Physical Description: 221 pages : color illustrations ; 25 cm.
  • Publisher: New York : Scholastic, 2023.

Content descriptions

General Note:
"With over 150 animatronics from the world of Five Nights at Freddy's!"
Subject: Five Nights at Freddy's (Video game)
Video games > Juvenile literature.
Video game characters.
Video games > Handbooks, manuals, etc.
Survival-horror video games > Handbooks, manuals, etc.
Genre: Young adult nonfiction.
Handbooks and manuals
Encyclopedias.

Available copies

  • 0 of 1 copy available at scottsboropl.

Holds

  • 0 current holds with 1 total copy.
Show Only Available Copies
Location Call Number / Copy Notes Barcode Shelving Location Status Due Date
scottsboropl J 794.85 Caw 32269001280323 Juvenile - New Checked out 04/23/2026

LDR 03179cam a22006858i 4500
001166110
003SBPL
00520250616161448.0
008221004t20232023nyua j e 000 0 eng d
020 . ‡a9781338804737 ‡q(hardcover)
020 . ‡a1338804731 ‡q(hardcover)
035 . ‡a(OCoLC)1355057471 ‡z(OCoLC)1289246760 ‡z(OCoLC)1289338911 ‡z(OCoLC)1289364450 ‡z(OCoLC)1350558431
050 4. ‡aGV1469.35.F58 ‡bC388 2023
08204. ‡a794.85 ‡223
1001 . ‡aCawthon, Scott, ‡d1971-: ‡eauthor.
24510. ‡aFive Nights at Freddy's : ‡bofficial character encyclopedia / ‡cScott Cawthon.
24634. ‡aOfficial character encyclopedia : ‡bwith over 150 animatronics from the world of Five Nights at Freddy's!
24630. ‡aOfficial character encyclopedia
264 1. ‡aNew York : ‡bScholastic, ‡c2023.
300 . ‡a221 pages : ‡bcolor illustrations ; ‡c25 cm.
336 . ‡atext ‡btxt ‡2rdacontent
336 . ‡astill image ‡bsti ‡2rdacontent
337 . ‡aunmediated ‡bn ‡2rdamedia
338 . ‡avolume ‡bnc ‡2rdacarrier
500 . ‡a"With over 150 animatronics from the world of Five Nights at Freddy's!"
520 . ‡a"An in-depth look at all the characters from the terrifying world of Five Nights at Freddy's! The massive roster of characters from Five Nights at Freddy's is presented in this epic encyclopedia that will make the perfect addition to your collection. From the games to the novels and short stories, everyone is here and laid out in awesome detail! Deepen your knowledge of even the most obscure and bizarre killer animatronics to become a true Five Nights at Freddy's mega-fan."-- ‡cBack cover.
63000. ‡aFive Nights at Freddy's (Video game)
650 0. ‡aVideo games ‡vJuvenile literature.
650 0. ‡aVideo game characters.
650 0. ‡aVideo games ‡vHandbooks, manuals, etc.
650 0. ‡aSurvival-horror video games ‡vHandbooks, manuals, etc.
655 0. ‡aYoung adult nonfiction.
655 7. ‡aHandbooks and manuals
655 7. ‡aEncyclopedias. ‡2lcgft
7102 . ‡aScholastic Inc.,: ‡epublisher.
901 . ‡a166110 ‡bAUTOGEN ‡c166110 ‡tbiblio

Additional Resources